|
|
|
|
| LEADER |
01836nam a2200517 a 4500 |
| 001 |
000450155 |
| 003 |
CZ BrMZK |
| 005 |
20201211063258.0 |
| 007 |
ta |
| 008 |
990315s1999 xr e bcze d |
| 015 |
|
|
|a cnb000772699
|
| 020 |
|
|
|a 80-85947-44-7
|
| 035 |
|
|
|a (OCoLC)84983122
|
| 040 |
|
|
|a BOA001
|b cze
|
| 043 |
|
|
|a e-uk---
|
| 045 |
|
|
|a x7x9
|
| 072 |
|
7 |
|a 32
|x Politika
|2 Konspekt
|9 15
|
| 072 |
|
7 |
|a 929
|x Biografie
|2 Konspekt
|9 8
|
| 080 |
|
|
|a 32-055.2
|2 MRF
|
| 080 |
|
|
|a 328.131-055.2
|2 MRF
|
| 080 |
|
|
|a 929
|2 MRF
|
| 080 |
|
|
|a 329.11
|2 MRF
|
| 080 |
|
|
|a 328/329
|2 MRF
|
| 080 |
|
|
|a (410)
|2 MRF
|
| 080 |
|
|
|a (092)
|2 MRF
|
| 080 |
|
|
|a (048.8)
|2 MRF
|
| 100 |
1 |
|
|a Fajmon, Hynek,
|d 1968-
|7 jn20000400653
|4 aut
|
| 245 |
1 |
0 |
|a Margaret Thatcherová a její politika /
|c Hynek Fajmon
|
| 250 |
|
|
|a 1. vyd.
|
| 260 |
|
|
|a Brno :
|b Barrister & Principal,
|c 1999
|
| 300 |
|
|
|a 389 s. ;
|c 21 cm
|
| 500 |
|
|
|a Bibliogr.
|
| 600 |
1 |
7 |
|a Thatcher, Margaret,
|d 1925-2013
|7 jn20000701794
|2 czenas
|
| 648 |
|
7 |
|a 1979-1990
|7 ch525281
|2 czenas
|
| 650 |
0 |
7 |
|a političky
|7 ph216803
|z Velká Británie
|y 20.-21. století
|2 czenas
|
| 650 |
0 |
7 |
|a předsedkyně vlády
|7 ph216807
|z Velká Británie
|y 20. století
|2 czenas
|
| 650 |
0 |
7 |
|a konzervatismus
|7 ph121828
|z Velká Británie
|y 20. století
|2 czenas
|
| 651 |
|
7 |
|a Velká Británie
|7 ge134525
|x politika a vláda
|y 1979-1990
|2 czenas
|
| 653 |
0 |
|
|a thatcherismus
|
| 655 |
|
7 |
|a biografie
|7 fd131909
|2 czenas
|
| 655 |
|
7 |
|a studie
|7 fd133597
|2 czenas
|
| 700 |
1 |
|
|a Thatcher, Margaret,
|d 1925-2013
|7 jn20000701794
|4 hnr
|
| 856 |
4 |
1 |
|u http://www.digitalniknihovna.cz/mzk/uuid/uuid:85f5b120-4faf-11e4-8344-005056827e52
|y Digitalizovaný dokument
|x NDK
|
| 910 |
|
|
|a BOA001
|b 2-1065.983
|
| 990 |
|
|
|a BK
|
| 996 |
6 |
|
|b 2610104923
|c 2-1065.983
|l MZK
|r Sklad / do 1 hodiny
|n 39
|p p.v.
|w 000450155
|u 000010
|a 1
|e BOA001
|j MZK50
|s P
|